| 000 | 00461nam a2200157 i 4500 | ||
|---|---|---|---|
| 001 | 26102 | ||
| 003 | ES-MaACL | ||
| 005 | 20230906153403.0 | ||
| 007 | t| | ||
| 008 | 030107s1913 xxu ||||1| eng d | ||
| 100 | 1 |
_aArnold, Felix. _923106 |
|
| 245 | 1 | 0 |
_aText-Book of school and class management _b: theory and practice / _cby Felix Arnold. |
| 260 |
_a[Norwood : _bJ. S. Cushing Co.], _c1913. |
||
| 300 |
_aXII, 409 p. ; _c20 cm. |
||
| 852 |
_aES-MaACL _jF-7677-8 |
||
| 999 |
_c26102 _d26102 |
||